000 00276nam a22000977a 4500
005 20250901165325.0
008 210310b ||||| |||| 00| 0 eng d
050 _aZ253.53
245 _aDesktop publishing
_cLUGMAIR, CHRISTOPHER
942 _2lcc
_hZ253.53 .L84 2003
999 _c2159
_d2159